Poesía dominicana (Record no. 180215)

MARC details
000 -LEADER
campo de control de longitud fija 01190nam a2200313 i 4500
001 - NÚMERO DE CONTROL
campo de control 180215
003 - IDENTIFICADOR DE NÚMERO DE CONTROL
campo de control ES-MaACL
005 - FECHA Y HORA DE LA ÚLTIMA TRANSACCIÓN
campo de control 20251112164337.0
008 - DATOS DE LONGITUD FIJA--INFORMACIÓN GENERAL
campo de control de longitud fija 120518s2011 sp |||| |dspa d
020 ## - NÚMERO INTERNACIONAL ESTÁNDAR DEL LIBRO
Número Internacional Estándar del Libro 978-84-9895-072-4
080 ## - NÚMERO DE LA CLASIFICACIÓN DECIMAL UNIVERSAL
Número de la Clasificación Decimal Universal 821.134.2(729.3)-14"19"(082.2)
245 00 - MENCIÓN DEL TÍTULO
Título Poesía dominicana
Resto del título : antología esencial /
Mención de responsabilidad, etc. [edición de] José Mármol, Basilio Belliard ; [Otilio Vigil Díaz, Domingo Moreno Jimenes, Tomás Hernández Franco ... et al.].
246 14 - FORMA VARIANTE DEL TITULO
Título propio/Titulo breve La poesía del siglo XX en República Dominicana
260 ## - PUBLICACIÓN, DISTRIBUCIÓN, ETC.
Lugar de publicación, distribución, etc. Madrid :
Nombre del editor, distribuidor, etc. Visor Libros,
Fecha de publicación, distribución, etc. [2011]
300 ## - DESCRIPCIÓN FÍSICA
Extensión 320 p. ;
Dimensiones 21 cm.
490 1# - MENCIÓN DE SERIE
Mención de serie La estafeta del viento ;
Designación de volumen o secuencia 10
490 1# - MENCIÓN DE SERIE
Mención de serie Visor de poesía
650 #7 - PUNTO DE ACCESO ADICIONAL DE MATERIA--TÉRMINO DE MATERIA
Término de materia o nombre geográfico como elemento de entrada Poesías dominicanas
9 (RLIN) 145518
650 #4 - PUNTO DE ACCESO ADICIONAL DE MATERIA--TÉRMINO DE MATERIA
Término de materia o nombre geográfico como elemento de entrada Poesía dominicana.
9 (RLIN) 150040
700 1# - ENTRADA AGREGADA--NOMBRE PERSONAL
Nombre de persona Mármol, José (
Fechas asociadas al nombre 1960-)
9 (RLIN) 150038
700 1# - ENTRADA AGREGADA--NOMBRE PERSONAL
Nombre de persona Belliard, Basilio.
9 (RLIN) 150037
700 1# - ENTRADA AGREGADA--NOMBRE PERSONAL
Nombre de persona Vigil Díaz,
Fechas asociadas al nombre 1880-1963
9 (RLIN) 150039
830 0# - PUNTO DE ACCESO ADICIONAL DE SERIE-TÍTULO UNIFORME
Título uniforme La estafeta del viento ;
Designación de volumen o secuencia 10
9 (RLIN) 185770
830 0# - PUNTO DE ACCESO ADICIONAL DE SERIE-TÍTULO UNIFORME
Título uniforme Colección Visor de poesía
9 (RLIN) 177331
852 ## - LOCALIZACIÓN
Ubicación ES-MaACL
Número de control de estantería A-12108
itemnumber 187128
Sublocalización o colección R.148334
Ubicación en estantería Depósito 1
Signatura antigua Olim: N-5113
942 ## - ELEMENTOS DE ENTRADA SECUNDARIOS (KOHA)
Fuente del sistema de clasificación o colocación Clasificación decimal universal
Tipo de ítem Koha Libro impreso
Holdings
Estatus retirado Estado de pérdida Fuente del sistema de clasificación o colocación Estado de daño No para préstamo Biblioteca de origen Biblioteca actual Ubicación en estantería Fecha de adquisición Fuente de adquisición Total de préstamos Signatura topográfica completa Código de barras Visto por última vez Precio de reemplazo Tipo de ítem Koha
    Clasificación decimal universal     Biblioteca del Ateneo de Madrid Biblioteca del Ateneo de Madrid Depósito 1 18/05/2012 Compra   A-12108 1189365 23/02/2023 23/02/2023 Libro impreso